Macromedia Director 8. Shockwave Studio: Using Director Shockwave Studio /
| 企業作者: | |
|---|---|
| 格式: | 圖書 |
| 語言: | 西班牙语 |
| 出版: |
California:
Macromedia Inc.,
2000
|
| 主題: |
MARC
| LEADER | 00000nam a2200000Ia 4500 | ||
|---|---|---|---|
| 008 | 180904b2000 cr ||||| |||| 00| | spa d | ||
| 999 | |c 2037 |d 2037 | ||
| 090 | |a 08.15.02 |b 1064 | ||
| 110 | |a Macromedia Inc. |9 4071 | ||
| 245 | 1 | 0 | |a Macromedia Director 8. Shockwave Studio: Using Director Shockwave Studio / |c Macromedia |
| 260 | |a California: |b Macromedia Inc., |c 2000 | ||
| 300 | |a 480 páginas | ||
| 650 | 0 | |a PROGRAMAS DE COMPUTADORA |9 1302 | |
| 650 | 0 | |a MANUALES |9 426 | |
| 942 | |i 001779 |h 08.15.02 1064 |2 z |c 01 | ||
